000
00283nam a22001337a 4500
008
170623b xxu||||| |||| 00| 0 eng d
020
_a
9780742536838
041
_a
eng
080
_a
32
100
_a
21
101
_a
SHP
245
_a
RIVALS POWER
_c
THURBER.J.A
942
_2
udc
_c
BK
999
_c
18892
_d
18892